Ejercicios de comprensión y fluidez verbales / 2. Nivel educación Secundaria Obligatoria

Gorde:
Xehetasun bibliografikoak
Egile nagusia: Gosálbez Celdrán, Alfredo (autor)
Formatua: Liburua
Hizkuntza:ingelesa
Argitaratua: Madrid, España: Ciencias de la Educación Preescolar y Especial, 1991
Saila:Colección Cuadernos de Recuperación, 40
Gaiak:
Etiketak: Etiketa erantsi
Etiketarik gabe, Izan zaitez lehena erregistro honi etiketa jartzen!

MARC

LEADER 00000nam a22000007a 4500
003 CL-VaPUC
005 20220725134341.0
008 220603b1991 ||||| |||| 00| 0 eng d
999 |c 435784  |d 435782 
020 |a 84-7869-044-1 
040 |c Pontificia Universidad Católica de Valparaíso 
082 0 4 |2 22  |a 418.4 GOS 1991 
100 1 |a Gosálbez Celdrán, Alfredo  |9 343262  |e autor 
245 1 0 |a Ejercicios de comprensión y fluidez verbales / 2.  |b Nivel educación Secundaria Obligatoria 
260 |a Madrid, España:  |b Ciencias de la Educación Preescolar y Especial,  |c 1991 
300 |a 239 páginas 
490 0 |a Colección Cuadernos de Recuperación, 40 
500 |a c.1. Donación Profesora Elizabeth Donoso. Memo 05/2022. 18/04/2022 
583 |c 20220603  |k Catalogador Asistente 
650 1 |a Comprensión de lectura  |x Educación media  |9 871982 
650 1 |a Métodos de enseñanza  |x Lingüística  |x Educación media  |9 871983 
650 1 |a Educación lingüística  |x Educación media  |9 871984 
942 |2 ddc  |c BK 
952 |0 0  |1 0  |2 ddc  |4 0  |6 418_400000000000000_GOS_1991  |7 0  |8 A  |9 583389  |a BIBEDU  |b BIBEDU  |c GEN  |d 2022-06-03  |e Donación  |i 5651526  |l 1  |m 1  |o 418.4 GOS 1991  |p 5651526  |r 2023-08-31  |s 2023-08-17  |t 1  |w 2022-06-03  |y BK  |k EPE